000 00466nam a2200157Ia 4500
005 20250228103033.0
008 231217s9999 xx 000 0 und d
020 _a9780787962043
082 _a378.73 RUB;1 R
100 _aRuben, Brent D.
245 0 _aPersuing excellence in higher education : eight fundamental challenges
260 _c2004
_bJossey Bass
_aUSA
300 _axxxviii+420
650 _aPersuing,excellence,higher,education,eight
942 _cAA
999 _c182125
_d182125